| 000 | 00973nam a2200301Ia 4500 | ||
|---|---|---|---|
| 003 | OSt | ||
| 005 | 20221005074129.0 | ||
| 006 | a|||||r|||| 00| 0 | ||
| 007 | ta | ||
| 008 | 221004b |||||||| |||| 00| 0 eng d | ||
| 020 |
_a9788175545267 (pbk) _c335.75 |
||
| 024 | _a99428 | ||
| 037 |
_b09-09550, 15/01/2010, Atlantic Publisher & Dist. Pvt Ltd. _cTextual |
||
| 040 |
_aCRL _cCRL _beng |
||
| 041 |
_2eng _aeng |
||
| 082 | _aX:9, N0;Q0 | ||
| 100 |
_aBuckley Roger _9141892 |
||
| 245 | 0 | _aTheory and practice of training | |
| 250 | _a6th | ||
| 260 |
_aNew Delhi _bKogan Page India Private Limited India _c2010 |
||
| 300 |
_ax, 353p. _ccm. |
||
| 490 | _aThe definitive work in this field training zone | ||
| 650 |
_a LABOUR DISPUTES _932900 |
||
| 650 | _aECONOMICS | ||
| 700 |
_a Caple Jim _9141893 |
||
| 942 |
_hX:9, N0;Q0 _cTEXL _2cc |
||
| 999 |
_c982217 _d982217 |
||